书目信息 |
| 题名: |
红高粱家族
|
|
| 作者: | 莫言 著 | |
| 分册: | ||
| 出版信息: | 北京 作家出版社 2012.11 |
|
| 页数: | 351页 | |
| 开本: | 23cm | |
| 丛书名: | 莫言文集 | |
| 单 册: | ||
| 中图分类: | I247.57 , I217.2 | |
| 科图分类: | ||
| 主题词: | 长篇小说--中国--当代 , 长篇小说 , 文学--作品集--中国 | |
| 电子资源: | ||
| ISBN: | 978-7-5063-6694-6 | |
| 000 | 01009oam2 2200289 450 | |
| 001 | 010010106760 | |
| 005 | 20130422161223.29 | |
| 010 | @a978-7-5063-6694-6@dCNY35.00,CNY700.00(全20册) | |
| 100 | @a20121119d2012 em y0chiy50 ea | |
| 101 | 0 | @achi |
| 102 | @aCN@b110000 | |
| 105 | @ay z 000ay | |
| 106 | @ar | |
| 200 | 1 | @a红高粱家族@9hong gao liang jia zu@f莫言著 |
| 210 | @a北京@c作家出版社@d2012.11 | |
| 215 | @a351页@d23cm | |
| 225 | 2 | @a莫言文集 |
| 330 | @a本书通过“我”的叙述,描写了搞抗日战争期间,“我”的祖选在高密东北乡上演了一幕幕轰轰烈烈、英勇悲壮的舞剧。“我”的家族里的先辈们,爷爷、奶奶、姑姑等,一方面奋起抗击残暴的日本侵略者,一方面发生着让子孙后代相形见拙的传奇般的爱情故事。 | |
| 461 | 0 | @12001 @a莫言文集 |
| 606 | 0 | @a长篇小说@y中国@z当代 |
| 606 | 0 | @a长篇小说 |
| 606 | 0 | @a文学@x作品集@x中国 |
| 690 | @aI247.57@v5 | |
| 690 | @aI217.2@v4 | |
| 701 | 0 | @a莫言@9mo yan@f(1955-)@4著 |
| 801 | 0 | @aCN@bRENTIAN@c20121119 |
| 905 | @b541952-54@dI217.2@e656:3@f3@xCNY35.00 | |
| 红高粱家族/莫言著.-北京:作家出版社,2012.11 |
| 351页;23cm.-(莫言文集) |
| ISBN 978-7-5063-6694-6:CNY35.00,CNY700.00(全20册) |
| 本书通过“我”的叙述,描写了搞抗日战争期间,“我”的祖选在高密东北乡上演了一幕幕轰轰烈烈、英勇悲壮的舞剧。“我”的家族里的先辈们,爷爷、奶奶、姑姑等,一方面奋起抗击残暴的日本侵略者,一方面发生着让子孙后代相形见拙的传奇般的爱情故事。 |
| ● |
| 相关链接 |
|
|
|
|
正题名:红高粱家族
索取号:I217.2/656:3
 
预约/预借
| 序号 | 登录号 | 条形码 | 馆藏地/架位号 | 状态 | 备注 |
| 1 | 0541952 | 205419527 | 第一样本阅览室/ [索取号:I217.2/656:3] | 在馆 | |
| 2 | 0541953 | 205419536 | 第二借阅区/ [索取号:I217.2/656:3] | 在馆 | |
| 3 | 0541954 | 205419545 | 第二借阅区/ [索取号:I217.2/656:3] | 在馆 |